| 000 | 00707nam a2200217Ia 4500 | ||
|---|---|---|---|
| 001 | 16738 | ||
| 003 | GE_BSU | ||
| 008 | 181216s||||||||xx |||||||||||||| ||und|| | ||
| 040 | _cGE_BSU | ||
| 100 | _aთორდუა, ვლადიმერ | ||
| 245 | _aმთავარი გმირი | ||
| 245 | _bნარკვევები | ||
| 245 | _cრედ.დ.შენგელია. მხ.ი.ვასილევსკი | ||
| 260 | _aთბილისი | ||
| 260 | _bსაქ. კპ ცკ-ს გამ-ბა | ||
| 260 | _c1971 | ||
| 300 | _a179გვ. ; 19სმ | ||
| 653 | _aმთავარი გმირი | ||
| 653 | _aნარკვევები | ||
| 942 | _cBK | ||
| 999 |
_c49803 _d49803 |
||